|
|
|
|
| LEADER |
00699nam a2200253 a 4500 |
| 001 |
adlib96000001 |
| 003 |
ViArRB |
| 005 |
20151026132235.0 |
| 008 |
960221s1955 dcuabcdjdbkoqu001 0deng d |
| 020 |
|
|
|a 9812562052
|
| 022 |
|
|
|
| 040 |
|
|
|a Adlib
|
| 082 |
|
|
|a 620.3
|
| 245 |
|
|
|a Principles of nanotechnology: molecular-based study of condensed matter in small systems
|
| 250 |
|
|
|
| 260 |
|
|
|a New Jersey
|b World Scientific
|c 2006
|
| 300 |
|
|
|a xvi, 341p.
|
| 500 |
|
|
|a
|
| 100 |
|
|
|a Mansoori, G. Ali
|
| 700 |
|
|
|
| 942 |
|
|
|c BK
|6 _
|
| 653 |
|
|
|a Nanotechnology
|
| 999 |
|
|
|c 44491
|d 44491
|
| 952 |
|
|
|0 0
|1 0
|4 0
|6 6203_MAN
|7 0
|9 56743
|a UL
|b UL
|d 2010-06-16
|o 620.3 MAN
|p 00058026
|r 2010-06-16
|w 2010-06-16
|y BK
|